Normal view
MARC view
- تأليف حسن، محمود / م.مشارك: محمد بهجت كشك، محروس محمود خليفة
Entry Personal Name
001 - CONTROL NUMBER
- control field: 37184
003 - CONTROL NUMBER IDENTIFIER
- control field: JO-AjAnu
005 - DATE AND TIME OF LATEST TRANSACTION
- control field: 20230606080213.0
008 - FIXED-LENGTH DATA ELEMENTS
- fixed length control field: 230606|| aca||aabn | a|a d
040 ## - CATALOGING SOURCE
- Original cataloging agency: JO-AjAnu
- Transcribing agency: JO-AjAnu
100 ## - HEADING--PERSONAL NAME
- Personal name: تأليف حسن، محمود / م.مشارك: محمد بهجت كشك، محروس محمود خليفة
670 ## - SOURCE DATA FOUND
- Source citation: Work cat.: (JO-AjAnu)19082: تأليف حسن، محمود / م.مشارك: محمد بهجت كشك، محروس محمود خليفة, author, مقدمة في الخدمة الاجتماعية ج3 المجالات